La conducta de los animales /

Kaydedildi:
Detaylı Bibliyografya
Yazar: Fabricius, Eric (autor)
Materyal Türü: Kitap
Dil:İspanyolca
Baskı/Yayın Bilgisi: Buenos Aires, Argentina : EUDEBA, 1966, c1966
Seri Bilgileri:(Lectores EUDEBA ; 85)
Konular:
Etiketler: Etiketle
Etiket eklenmemiş, İlk siz ekleyin!

MARC

LEADER 00000nam^a2200000^a^4500
001 000182878
005 20250521000000.0
009 20260310102020.992
037 |a Acervo ITESO - Biblioteca 
041 |a ESP 
082 |a 156.  |b FAB 
100 |a Fabricius, Eric  |e (autor) 
245 1 3 |a La conducta de los animales /  |c E. Fabricius ; tr. por Amalia de Gesell. 
264 4 |a Buenos Aires, Argentina :  |b EUDEBA,  |c 1966, c1966 
300 |a 264 p. 
336 |a texto  |b txt  |2 rdacontenido 
337 |a sin mediación  |b n  |2 rdamedio 
338 |a volumen  |b nc  |2 rdasoporte 
440 1 |a (Lectores EUDEBA ;  |v 85) 
500 |a Traducción de: Etologi. En Introduktion till studiet av djurens bettendemönster 
649 |a XX 
650 |a Sociedades de Animales 
650 |a Etología 
650 |a Biología 
910 |a Fondo Armando Suárez Gómez 
920 |a Impresos - Libros 
930 |a Fondos Especiales 
905 |a 111 
901 |a 0700004849  |b IT2  |c ESP  |u 20250521 
902 |a https://opac.biblio.iteso.mx/vufind/Record/000182878